| 000 | 004540000a22001810004500 | ||
|---|---|---|---|
| 003 | MACL | ||
| 005 | 20150908113648.0 | ||
| 008 | 150908b xxu||||| |||| 00| 0 eng d | ||
| 040 |
_aMACL _cMACL |
||
| 041 | _aEnglish | ||
| 082 | _a820/JHA | ||
| 100 |
_aJha, Prema _99132 |
||
| 245 |
_aNew Apologists for Poetry _bE. Pound, T.S. Eliot |
||
| 260 |
_bTulip Publications _c2002 _aPatna |
||
| 350 | _a500 | ||
| 650 |
_aLiterature _99133 |
||
| 942 |
_cBK _k820 _2ddc |
||
| 999 |
_c1802 _d1802 |
||